| 000 | 00593nam a22001697a 4500 | ||
|---|---|---|---|
| 003 | PILC | ||
| 005 | 20150825073500.0 | ||
| 008 | 150825b xxu||||| |||| 00| 0 eng d | ||
| 050 |
_aBF 1031 _b.P722 1975 |
||
| 100 | _aPlayfair, Guy Lyon. | ||
| 245 |
_aThe unknown power : _bresearch into paranormal phenomena in the world's most psychic country / _cGuy Lyon Playfair. |
||
| 260 |
_aSt Albans, Herts : _bPanther Books Ltd, _c1977. |
||
| 300 |
_a322 pages : _billustrations ; _c18 cm. |
||
| 500 | _aIncludes bibliographical references and index. | ||
| 650 | _aParapsychology. | ||
| 942 |
_2lcc _cBK |
||
| 999 |
_c288468 _d288468 |
||